| 000 | 01006nam a22001817a 4500 | ||
|---|---|---|---|
| 999 |
_c63370 _d63370 |
||
| 003 | Ge_BSU | ||
| 005 | 20250925190026.0 | ||
| 008 | 250925s1983 ge ||||| |||| 00| 0 geo d | ||
| 041 | _ageo | ||
| 080 | _a94(479.22)"1921.02" დ-42 | ||
| 245 |
_aდიადი 60 წელი : _b [სტ. კრ.] / _c [სარედ. კოლ.: ა. სილაგაძე (რედ.) და სხვ.]; თსუ, საზოგადოებრივ მეცნ. კათედრების საბჭო. |
||
| 264 |
_aთბ. : _bთბილ. უნ-ტის გამ-ბა და სტ., _c1983. |
||
| 300 |
_a276გვ. ; _b21სმ. |
||
| 504 | _aბიბლიოგრ. ტექსტის შენიშვნებში. | ||
| 653 | _aსაქართველოს ახალი ისტორია | ||
| 653 | _aსაბჭოთა ხელისუფლების დამყარება საქართველოში. | ||
| 942 |
_2udc _cᲬᲘᲒᲜᲘ |
||